Assessing the rural content of regional spatial and housing strategies (Record no. 107721)

MARC details
000 -LEADER
fixed length control field 01286cad a22002295a 4500
001 - CONTROL NUMBER
control field L141646
008 - FIXED-LENGTH DATA ELEMENTS--GENERAL INFORMATION
fixed length control field 071207e20071122xxk f 000 0 eng d
035 ## - SYSTEM CONTROL NUMBER
System control number (Sirsi) u141646
041 0# - LANGUAGE CODE
Language code of text/sound track or separate title eng
050 04 - LIBRARY OF CONGRESS CALL NUMBER
Classification number 306.9 $2 18
110 2# - MAIN ENTRY--CORPORATE NAME
Corporate name or jurisdiction name as entry element Commission for Rural Communities
9 (RLIN) 4993
245 00 - TITLE STATEMENT
Title Assessing the rural content of regional spatial and housing strategies
Medium [electronic resource]
260 ## - PUBLICATION, DISTRIBUTION, ETC.
Place of publication, distribution, etc. Cheltenham
Name of publisher, distributor, etc. Commission for Rural Communities
Date of publication, distribution, etc. 2007
520 ## - SUMMARY, ETC.
Summary, etc. Assesses how rural issues are dealt with through the Regional Spatial Strategies and Regional Housing Strategies. Analyses the prospects for change and makes recommendations for future practice. Considers the approach and structure which these strategies use to ensure that rural concerns are addressed. Considers their approach to sustainability in rural areas. Examines their quantification of rural content.
521 1# - TARGET AUDIENCE NOTE
Target audience note Advanced
590 ## - LOCAL NOTE (RLIN)
Local note KA
651 #4 - SUBJECT ADDED ENTRY--GEOGRAPHIC NAME
Geographic name United Kingdom
Chronological subdivision
690 ## - LOCAL SUBJECT ADDED ENTRY--TOPICAL TERM (OCLC, RLIN)
Topical term or geographic name as entry element Planning and development
9 (RLIN) 6259
690 ## - LOCAL SUBJECT ADDED ENTRY--TOPICAL TERM (OCLC, RLIN)
Topical term or geographic name as entry element PROPERTY-RESIDENTIAL PROPERTY-DOMESTIC RESIDENTIAL PROPERTY-HOUSING
856 40 - ELECTRONIC LOCATION AND ACCESS
Uniform Resource Identifier <a href="https://www.ruralcommunities.gov.uk/publications/assessingtheruralcontentofregionalspatialandhousingstrategies">https://www.ruralcommunities.gov.uk/publications/assessingtheruralcontentofregionalspatialandhousingstrategies</a>
Public note View the item free of charge at www.ruralcommunities.gov.uk...
942 ## - ADDED ENTRY ELEMENTS (KOHA)
Suppress in OPAC 0
Holdings
Withdrawn status Lost status Source of classification or shelving scheme Damaged status Not for loan Home library Current library Shelving location Date acquired Total Checkouts Full call number Barcode Date last seen Copy number Price effective from Koha item type
    Dewey Decimal Classification     Virtual Virtual Online 07/12/2007   ONLINE PUBLICATION 141646-1001 06/08/2019 1 06/08/2019 Book